Machine tool practices (Record no. 58054)

MARC details
000 -LEADER
fixed length control field 00238nam a22001097a 4500
082 ## - DEWEY DECIMAL CLASSIFICATION NUMBER
Classification number 621.902KIB
100 ## - MAIN ENTRY--AUTHOR NAME
Personal name Kibbi R R
245 ## - TITLE STATEMENT
Title Machine tool practices
260 ## - PUBLICATION, DISTRIBUTION, ETC. (IMPRINT)
Place of publication New Delhi
Name of publisher Pearson Education
Year of publication 2015
300 ## - PHYSICAL DESCRIPTION
Number of Pages 800
942 ## - ADDED ENTRY ELEMENTS (KOHA)
Koha item type Books
Holdings
Withdrawn status Lost status Home library Current library Date acquired Cost, normal purchase price Full call number Accession Number Koha item type
    Central Library, QUEST, Nawabshah Central Library, QUEST, Nawabshah 27/10/2017 1727.00 621.902KIB 56869 Books